000 00821nam a2200217 a 4500
001 000031116
003 DO-SdBNP
005 20240316073905.0
008 110613s2008 dr a 000 0 spa d
020 _a9945130617
040 _aDO-SdBNP
_bspa
_cBNPHU
_erda
100 _aCastro, Tomás,
_d1959-
_924641
245 1 0 _aMemorias de Caperucita ;
_bLas bodas de Caperucita /
_cTomás Castro Burdiez, Marcio Veloz Maggiolo.
246 1 4 _aCaperucita de ida y vuelta
260 _aSanto Domingo :
_bFundación Educarte,z,
_c2008.
300 _a85, 50 p. :
_bil. ;
_c22 cm.
501 _aPublicado con: Caperucita de ida y vuelta / Marcio Veloz Maggiolo
563 _aDos obras encuadernada juntas con paginación invertida
700 1 _aVeloz Maggiolo, Marcio,
_d1936-2021
_tLas bodas de Caperucita
_91104
942 _2ddc
_cLBS1
999 _c30608
_d30608